000 00597nam a2200181Ia 4500
008 090124s9999 xx 000 0 und d
082 _b118095
100 _aलाटे दिनानाथ ना.
245 _a सात व्यथा दोन हत्या
250 _a1
260 _c1979
300 _a267
600 _aलाटे दिनानाथ ना.
630 _a सात व्यथा दोन हत्या
700 _aलाटे दिनानाथ ना.
730 _a सात व्यथा दोन हत्या
942 _cBOOK
999 _c164182
_d164182